000 00813nam a2200241Ia 4500
003 OSt
005 20220923213146.0
006 a|||||r|||| 00| 0
007 ta
008 220922b |||||||| |||| 00| 0 hin d
024 _a159,376
037 _cTextual
040 _aARTS
_cARTS
_bhin
041 _2hin
_ahin
082 _aO152,1:g, J6
100 _aउपाध्याय, अयोध्यासिंह, हरिओघ
_9160531
245 0 _aरस साहित्य और समीक्षाएं
246 _aRas sāhitya aur samīkṣhāean
260 _c1956
650 _aहिन्दी साहित्य
_9156264
942 _hO152,1:g, J6
_cTEXL
_2CC
999 _c314123
_d314123